[Event "FRA-chT Top 12 (Women)"]
[Site "Montpellier"]
[Date "2012.01.21"]
[Round "?"]
[White "Neuhauser, Salome"]
[Black "Esposito, Julie"]
[Result "1-0"]
[WhiteElo "2030"]
[BlackElo "1781"]
[PlyCount "83"]
[EventDate "2012.01.20"]
[EventType "team-match"]
[EventRounds "3"]
[EventCountry "FRA"]
[SourceTitle "EXT 2014"]
[Source "ChessBase"]
[SourceDate "2013.11.20"]
[SourceVersion "1"]
[SourceVersionDate "2013.11.20"]
[SourceQuality "1"]

1. e4 Nf6 2. e5 Nd5 3. d4 d6 4. c4 Nb6 5. exd6 cxd6 6. b3 g6 7. Bb2 Bg7 8. Qd2 0-0 9. Nf3 Bg4 10. Be2 Nc6 11. 0-0 d5 12. c5 Nc8 13. b4 e6 14. b5 Nb8 15. Ne5 Bxe2 16. Qxe2 a6 17. a4 axb5 18. axb5 Rxa1 19. Bxa1 Nd7 20. f4 Re8 21. Bc3 f6 22. Nd3 Qe7 23. Qa2 Nb8 24. Qa8 Qc7 25. b6 Nxb6 26. cxb6 Qxb6 27. Nc5 f5 28. Qxb7 Qxb7 29. Nxb7 Nc6 30. Rd1 Rb8 31. Nc5 Bxd4+ 32. Bxd4 Nxd4 33. Rxd4 Rxb1+ 34. Kf2 Rb6 35. Ra4 Rc6 36. Ra5 Kg7 37. Ke3 Rb6 38. Ra7+ Kg8 39. g3 Rb2 40. h4 Rb6 41. Kd4 h6 42. Ke5 1-0

[Event "FRA-ch U20 Girls"]
[Site "Troyes"]
[Date "2010.04.16"]
[Round "6"]
[White "Esposito, Julie"]
[Black "Richard, Emma"]
[Result "0-1"]
[WhiteElo "1767"]
[BlackElo "2116"]
[PlyCount "88"]
[EventDate "2010.04.11"]
[EventType "swiss"]
[EventRounds "9"]
[EventCountry "FRA"]
[SourceTitle "EXT 2012"]
[Source "ChessBase"]
[SourceDate "2011.11.24"]
[SourceVersion "1"]
[SourceVersionDate "2011.11.24"]
[SourceQuality "1"]

1. d4 Nf6 2. c4 e6 3. Nc3 c5 4. d5 exd5 5. cxd5 d6 6. e4 g6 7. Bb5+ Nbd7 8. Nf3 a6 9. Bxd7+ Nxd7 10. a4 Bg7 11. 0-0 0-0 12. Bf4 Qc7 13. Re1 Re8 14. Qc2 c4 15. Nd2 Rb8 16. a5 b5 17. axb6 Nxb6 18. Rab1 Bd7 19. Bg3 f5 20. Qd1 Be5 21. exf5 Bxc3 22. bxc3 Bxf5 23. Rb4 Bd3 24. Re6 Nxd5 25. Bxd6 Qd7 26. Rxe8+ Qxe8 27. Rxb8 Qxb8 28. Bb4 Qe5 29. Nf3 Nxc3 30. Nxe5 Nxd1 31. Nxd3 cxd3 32. Kf1 Nb2 33. Bc3 Nc4 34. f4 Kf7 35. Kf2 Ke6 36. g4 a5 37. h3 a4 38. Ba1 a3 39. Ke1 Kd5 40. Bc3 Ke4 41. f5 gxf5 42. g5 f4 43. h4 Kf5 44. Bf6 a2 0-1

[Event "FRA-ch U16 Girls"]
[Site "Aix les Bains"]
[Date "2006.??.??"]
[Round "3"]
[White "Sabo Benke, Agnes"]
[Black "Esposito, Julie"]
[Result "0-1"]
[WhiteElo "1580"]
[BlackElo "1870"]
[PlyCount "58"]
[EventDate "2006.04.16"]
[EventType "swiss"]
[EventRounds "9"]
[EventCountry "FRA"]
[SourceTitle "EXT 2007"]
[Source "ChessBase"]
[SourceDate "2006.11.23"]
[SourceVersion "1"]
[SourceVersionDate "2006.11.23"]
[SourceQuality "1"]

1. e4 c5 2. Nf3 a6 3. d4 cxd4 4. Nxd4 Nf6 5. Nc3 e5 6. Nf3 Bb4 7. Bd2 0-0 8. Bd3 Nc6 9. 0-0 d6 10. Re1 Be6 11. a3 Ba5 12. Ng5 Rc8 13. Rf1 b5 14. f4 h6 15. Nxe6 fxe6 16. b4 Bb6+ 17. Kh1 Bd4 18. Rc1 exf4 19. Rxf4 e5 20. Rf1 Nxb4 21. axb4 Bxc3 22. Bxc3 Rxc3 23. Be2 Kh8 24. Rf3 Nxe4 25. Rxf8+ Qxf8 26. Qe1 d5 27. Kg1 Qxb4 28. Rb1 Qd4+ 29. Kh1 Nf2+ 0-1

[Event "FRA-chT U20 0405"]
[Site "Lyon"]
[Date "2004.12.19"]
[Round "5.2"]
[White "Chretien, Corentin"]
[Black "Esposito, Julie"]
[Result "1-0"]
[WhiteElo "1920"]
[BlackElo "1890"]
[PlyCount "39"]
[EventDate "2004.11.??"]
[EventType "team"]
[EventRounds "7"]
[EventCountry "FRA"]
[SourceTitle "EXT 2006"]
[Source "ChessBase"]
[SourceDate "2005.11.24"]
[SourceVersion "1"]
[SourceVersionDate "2005.11.24"]
[SourceQuality "1"]
[WhiteTeam "Nancy"]
[BlackTeam "Marseille Duchamps"]
[WhiteTeamCountry "FRA"]
[BlackTeamCountry "FRA"]

1. d4 d5 2. Nf3 Nf6 3. c4 e6 4. Nc3 Be7 5. cxd5 exd5 6. Bf4 c6 7. Qc2 0-0 8. e3 Nbd7 9. Bd3 Re8 10. h3 Nf8 11. 0-0-0 b5 12. g4 a5 13. Ne5 Qb6 14. Rdg1 Ba6 15. g5 Nh5 16. Bxh7+ Nxh7 17. g6 fxg6 18. Qxg6 Bf6 19. Qf7+ Kh8 20. Ng6# 1-0

[Event "FRA-ch U14 Girls"]
[Site "Le Grand Bornand"]
[Date "2003.??.??"]
[Round "8.5"]
[White "Esposito, Julie"]
[Black "Bismuth, Lea"]
[Result "1-0"]
[WhiteElo "1600"]
[BlackElo "1760"]
[PlyCount "37"]
[EventDate "2003.??.??"]
[EventType "swiss"]
[EventRounds "9"]
[EventCountry "FRA"]
[SourceTitle "EXT 2004"]
[Source "ChessBase"]
[SourceDate "2003.11.25"]
[SourceVersion "1"]
[SourceVersionDate "2003.11.25"]
[SourceQuality "1"]

1. e4 d5 2. exd5 Qxd5 3. Nc3 Qd6 4. d4 Nf6 5. Nf3 a6 6. Be3 Bg4 7. h3 Bh5 8. g4 Bg6 9. Ne5 Nc6 10. Bg2 Nb4 11. Nxg6 hxg6 12. a3 Nc6 13. Qd2 e6 14. 0-0-0 Na5 15. Ne4 Nxe4 16. Qxa5 Nf6 17. Bxb7 Ra7 18. Qa4+ Kd8 19. d5 1-0

[Event "FRA-ch U12 Girls"]
[Site "Hyeres"]
[Date "2002.??.??"]
[Round "9.1"]
[White "Esposito, Julie"]
[Black "Forestier, Carole"]
[Result "1/2-1/2"]
[WhiteElo "1620"]
[BlackElo "1620"]
[PlyCount "53"]
[EventDate "2002.04.05"]
[EventType "swiss"]
[EventRounds "9"]
[EventCountry "FRA"]
[SourceTitle "EXT 2003"]
[Source "ChessBase"]
[SourceDate "2002.11.25"]
[SourceVersion "1"]
[SourceVersionDate "2002.11.25"]
[SourceQuality "1"]

1. e4 e6 2. d4 d5 3. Nc3 Nf6 4. Bg5 dxe4 5. Nxe4 Be7 6. Nxf6+ Bxf6 7. Be3 0-0 8. Nf3 b6 9. Bd3 Bb7 10. c3 Nd7 11. Qc2 g6 12. 0-0-0 Qe7 13. Be4 Bxe4 14. Qxe4 c5 15. d5 exd5 16. Qxe7 Bxe7 17. Rxd5 Nf6 18. Rd3 Rad8 19. Rhd1 Rxd3 20. Rxd3 Rd8 21. Rxd8+ Bxd8 22. Bg5 Kg7 23. Bxf6+ Kxf6 24. Kd2 Bc7 25. h3 Kf5 26. b4 Bd6 27. a3 1/2-1/2

[Event "FRA-ch U12 Girls"]
[Site "Hyeres"]
[Date "2002.??.??"]
[Round "6.2"]
[White "Gallice, Floriane"]
[Black "Esposito, Julie"]
[Result "1/2-1/2"]
[WhiteElo "1540"]
[BlackElo "1620"]
[PlyCount "102"]
[EventDate "2002.04.05"]
[EventType "swiss"]
[EventRounds "9"]
[EventCountry "FRA"]
[SourceTitle "EXT 2003"]
[Source "ChessBase"]
[SourceDate "2002.11.25"]
[SourceVersion "1"]
[SourceVersionDate "2002.11.25"]
[SourceQuality "1"]

1. e4 e5 2. Nc3 Nc6 3. f4 d6 4. Nf3 Be7 5. Bc4 Nf6 6. 0-0 exf4 7. d4 Bg4 8. Bxf4 0-0 9. h3 Bh5 10. d5 Bxf3 11. Rxf3 Ne5 12. Bxe5 dxe5 13. Qe1 Bd6 14. Qg3 Bc5+ 15. Kh1 Bd4 16. Raf1 Kh8 17. Qh4 Qe7 18. Rf5 Nxd5 19. Qxe7 Nxe7 20. Rxf7 Rxf7 21. Rxf7 Bxc3 22. bxc3 Re8 23. Be6 Ng8 24. Bc4 Rc8 25. Kg1 a6 26. Kf2 b5 27. Be6 Re8 28. Bg4 Nf6 29. Bf3 c5 30. c4 h6 31. cxb5 axb5 32. Rc7 Ra8 33. Rxc5 Rxa2 34. Rxe5 Rxc2+ 35. Ke3 b4 36. Rb5 Rb2 37. Kd3 Kg8 38. Kc4 b3 39. Rxb3 Rxb3 40. Kxb3 Kf7 41. Kc4 Ke6 42. Kd4 Ne8 43. Bg4+ Kd6 44. e5+ Ke7 45. Kd5 Nc7+ 46. Kc6 Na6 47. Bc8 Nb4+ 48. Kc5 Nd3+ 49. Kd4 Nf4 50. g3 Ne2+ 51. Kd5 Nxg3 1/2-1/2

[Event "FRA-ch U12 Girls"]
[Site "Hyeres"]
[Date "2002.??.??"]
[Round "8.5"]
[White "Perrusset, Barbara"]
[Black "Esposito, Julie"]
[Result "0-1"]
[WhiteElo "1490"]
[BlackElo "1620"]
[PlyCount "56"]
[EventDate "2002.04.05"]
[EventType "swiss"]
[EventRounds "9"]
[EventCountry "FRA"]
[SourceTitle "EXT 2003"]
[Source "ChessBase"]
[SourceDate "2002.11.25"]
[SourceVersion "1"]
[SourceVersionDate "2002.11.25"]
[SourceQuality "1"]

1. d4 d5 2. c4 e6 3. Nc3 Nf6 4. cxd5 exd5 5. Bg5 Be7 6. e3 Nbd7 7. Nf3 c6 8. Bd3 0-0 9. Qc2 Re8 10. 0-0 Nf8 11. a3 Ng6 12. Nh4 Nh5 13. Bxe7 Qxe7 14. Nxg6 hxg6 15. Kh1 Nf6 16. b4 Bd7 17. b5 cxb5 18. Bxb5 Rac8 19. Bxd7 Qxd7 20. Qb3 Re6 21. Rac1 Rb6 22. Qa4 Rbc6 23. Qb3 Ne4 24. Ne2 Nd2 25. Qb2 Nxf1 26. Rxf1 Rc2 27. Qb3 Rxe2 28. Rb1 Rcc2 0-1